Machinery's handbook guide to 31st Edition.: (Record no. 8017)

MARC details
000 -LEADER
fixed length control field 00675nam a22001937a 4500
003 - CONTROL NUMBER IDENTIFIER
control field OSt
005 - DATE AND TIME OF LATEST TRANSACTION
control field 20220829170243.0
008 - FIXED-LENGTH DATA ELEMENTS--GENERAL INFORMATION
fixed length control field 220829b ||||| |||| 00| 0 eng d
020 ## - INTERNATIONAL STANDARD BOOK NUMBER
International Standard Book Number 9780831143312
040 ## - CATALOGING SOURCE
Transcribing agency ddc
082 ## - DEWEY DECIMAL CLASSIFICATION NUMBER
Classification number 621.8021 MAC 2020
100 ## - MAIN ENTRY--PERSONAL NAME
Personal name ohn M. Amiss; Franklin D. Jones; Henry H. Ryffel ; Christopher J. McCauley
9 (RLIN) 16303
245 ## - TITLE STATEMENT
Title Machinery's handbook guide to 31st Edition.:
Remainder of title Guide to tables, formulas and more in the 31st Editio.
260 ## - PUBLICATION, DISTRIBUTION, ETC. (IMPRINT)
Place of publication, distribution, etc. New York :
Name of publisher, distributor, etc. Industrial Press;
Date of publication, distribution, etc. 2020
300 ## - PHYSICAL DESCRIPTION
Extent x, 290 p. :
Other physical details ill. ;
Dimensions 18 cm
504 ## - BIBLIOGRAPHY, ETC. NOTE
Bibliography, etc Includes index
650 ## - SUBJECT ADDED ENTRY--TOPICAL TERM
Topical term or geographic name as entry element Mechanical engineering -- Handbooks, manuals
9 (RLIN) 16304
942 ## - ADDED ENTRY ELEMENTS (KOHA)
Source of classification or shelving scheme Dewey Decimal Classification
Koha item type Book
Holdings
Withdrawn status Lost status Source of classification or shelving scheme Damaged status Not for loan Home library Current library Date acquired Source of acquisition Inventory number Total Checkouts Full call number Barcode Date last seen Price effective from Koha item type
    Dewey Decimal Classification     Main Kihumuro Campus MUST Main Library 29/08/2022 Purchase 22/41955   621.8021 MAC 2020 2022-7964 29/08/2022 29/08/2022 Book